Normal view
MARC view
Entry Personal Name
001 - CONTROL NUMBER
- control field: 15784
003 - CONTROL NUMBER IDENTIFIER
- control field: BD-RjUL
005 - DATE AND TIME OF LATEST TRANSACTION
- control field: 20250625154534.0
008 - FIXED-LENGTH DATA ELEMENTS
- fixed length control field: 250625|| aca||aabn | a|a d
040 ## - CATALOGING SOURCE
- Original cataloging agency: BD-RjUL
- Transcribing agency: BD-RjUL
100 ## - HEADING--PERSONAL NAME
- Personal name: Fian, John,
- Dates associated with a name: -1591
670 ## - SOURCE DATA FOUND
- Source citation: Work cat.: (BD-RjUL)85053: James I, King of England, 1566-1625. 15782, Daemonologie :, 1966.